|
|
|
|
| LEADER |
00000cam a2200000 a 4500 |
| 001 |
vtls008421032 |
| 003 |
SK-MaSNL |
| 005 |
20260426002106.0 |
| 008 |
200318s2005 xo f 000 0 slo |
| 015 |
|
|
|a SNBI2008/02-00757
|
| 022 |
0 |
|
|a 1335-7190
|
| 035 |
|
|
|a urn:nbn:sk:snk-am00a038
|
| 035 |
|
|
|a urn:nbn:sk:snk-am3hbtl
|
| 035 |
|
|
|a B50E7F20-AAAE-4531-8C2E-41369A15DE28
|
| 040 |
|
|
|a SNK
|b slo
|c SNK
|e AACR2
|
| 041 |
0 |
|
|a slo
|
| 043 |
|
|
|a e-xo---
|
| 044 |
|
|
|a xo
|c SK
|
| 072 |
|
7 |
|a 328
|x Zastupiteľské orgány. Vlády
|2 konspekt
|
| 080 |
|
|
|a 328.1
|2 2001
|
| 080 |
|
|
|a (437.6)
|2 2001
|
| 080 |
|
|
|a (055)
|2 2001
|
| 110 |
1 |
|
|a Slovensko.
|b Národná rada
|4 aut
|9 165573
|
| 245 |
1 |
0 |
|a Správa o 37. schôdzi Národnej rady Slovenskej republiky
|b [III. volebné obdobie : jeden rokovací deň - 27. januára 2005]
|
| 260 |
|
|
|a Bratislava
|b Organizačný odbor Kancelárie Národnej rady SR
|c 2005
|
| 300 |
|
|
|a 7 s., [2] s. príl.
|c 21 cm
|
| 366 |
|
|
|e 51 výt.
|
| 610 |
1 |
7 |
|a Slovensko.
|b Národná rada
|2 SNKKA
|9 165573
|
| 648 |
|
7 |
|a 27.1.2005
|2 SNKPH
|9 591059
|
| 650 |
0 |
7 |
|a zasadania
|2 SNKPH
|9 284751
|
| 651 |
|
7 |
|a Bratislava (Slovensko)
|2 SNKPH
|9 14568
|
| 655 |
|
7 |
|a uznesenia
|2 SNKPH
|9 70216
|
| 655 |
|
7 |
|a stenografické správy
|2 SNKPH
|9 284752
|
| 958 |
|
|
|a OND
|
| 999 |
|
|
|c 909441
|d 911371
|
| 952 |
|
|
|a SNK
|b SNK
|y PREZ
|7 0
|p 17A0555049
|o snkSC 128468
|i snk2007/15849
|8 0
|0 0
|1 0
|4 0
|d 2007-06-21
|f 1
|l 0
|r 2025-06-17 00:00:00
|w 2026-02-24
|
| 952 |
|
|
|a SNK
|b SNK
|y VYP
|7 0
|p 17A0555050
|o snkSC 128468 D1
|i snk2007/15850
|8 0
|0 0
|1 0
|4 0
|d 2007-06-21
|l 0
|r 2026-02-24 07:39:24
|w 2026-02-24
|